| 000 | 01350nmm a2200481 a 4500 | ||
|---|---|---|---|
| 003 | AR-BaBNM | ||
| 005 | 20251128204551.0 | ||
| 008 | 011101s1992 ||||||||||||||000 | spa|| | ||
| 020 | _a950-9129-67-4 | ||
| 040 | _cAR-BaBNM | ||
| 100 | 1 | _aDaguerre, Celia | |
| 245 | 1 | 0 |
_aArgentina _bmitos y realidades |
| 260 |
_aBuenos Aires _bLugar Editorial _c1992 |
||
| 300 | 0 |
_a155 p. _bmapas, tablas, diagr., gráfs. |
|
| 500 | 0 | _aBanco de datos: la Argentina y el mundo en cifras: p. 141-152 | |
| 504 | _aBibliografía: p. 153-155 | ||
| 650 | 4 | _aHISTORIA ARGENTINA | |
| 650 | 4 | _aGEOGRAFIA FISICA | |
| 650 | 4 | _aGEOGRAFIA ECONOMICA | |
| 650 | 4 | _aGEOGRAFIA POLITICA | |
| 650 | 4 | _aGEOGRAFIA CULTURAL | |
| 650 | 4 | _aHISTORIA ECONOMICA | |
| 650 | 4 | _aHISTORIA DE BUENOS AIRES | |
| 650 | 4 | _aPRODUCTO NACIONAL BRUTO | |
| 650 | 4 | _aECONOMIA REGIONAL | |
| 650 | 4 | _aINTEGRACION REGIONAL | |
| 650 | 4 | _aPOBREZA | |
| 650 | 4 | _aPROBLEMAS SOCIALES | |
| 650 | 4 | _aMEDIO AMBIENTE | |
| 650 | 4 | _aCALIDAD DE VIDA | |
| 650 | 4 | _aHISTORIA CULTURAL | |
| 650 | 4 | _aCENTRALIZACION | |
| 650 | 4 | _aINFORME DE INVESTIGACION | |
| 650 | 4 | _aCENSOS | |
| 650 | 4 | _aDESCENTRALIZACION | |
| 651 | 4 | _aArgentina | |
| 651 | 4 | _aAmérica Latina | |
| 653 | 0 | _aMERCOSUR | |
| 700 | 1 | _aDurán, Diana | |
| 700 | 1 | _aLara, Albina L. | |
| 942 | _cBK | ||
| 998 | _cMariana | ||
| 999 |
_c7948 _d7948 |
||